00382cam a22000977a 4500008004000000082001500040100003200055245013700087260005000224300001000274180718b1955 xxu||||| |||| 00| 0 eng d aK312x4 2nd aNational Advisory Committee aNational advisory committee on the employment of older men and women : second reportcby National Advisory Committee, United Kingdom aLondonbHer Majesty's Stationery Officec1955 a28+p.